000 00631nam a2200169 i 4500
001 182311
003 ES-MaACL
005 20230906221559.0
008 130801s1957 sp |||| | spa d
100 0 _aEsteva Fabregat, Claudio.
_948122
245 1 3 _aEl indio como problema
_b: la circustancia americana /
_cClaudio Esteva-Fabregat.
260 _aMadrid :
_bMundo Hispánico,
_c1957.
300 _aP. 211-239 ;
_c21 cm.
595 _aSeparata de: Revista de Estudios Políticos, nº 95, septiembre-octubre, 1957, Madrid.
650 4 _aIndios de América-
_xRelaciones con los gobiernos.
_9153138
852 _aES-MaACL
_j2317-F-13
999 _c182311
_d182311